Music Quiz

Random Music or Billboard Quiz

Billboard #1 Songs by Initials Quiz Stats

 Plays Quiz Updated Oct 15, 2018

Challenge
Share
Tweet
Embed
Score 0/40 Timer 06:00
5 Plays Today
Song Initials Song % Correct
I.K.A.G.I Kissed a Girl
92.6%
L.L.V.L.Livin' La Vida Loca
79.1%
B.B.P.Boom Boom Pow
78.9%
L.Y.Lose Yourself
73.5%
B.D.Bad Day
72.5%
B.G.B.Baby Got Back
65.4%
I.D.C.In Da Club
58.8%
B.G.Beautiful Girls
56.5%
B.O.W.Black or White
53.9%
B.O.T.W.Bridge over Troubled Water
41.2%
W.D.S.T.F.We Didn't Start the Fire
37.9%
I.B.M.Y.I'll Be Missing You
37.6%
Y.S.V.You're So Vain
36.9%
W.B.T.We Belong Together
35.9%
T.B.I.M.The Boy Is Mine
34.4%
A.F.Y.All For You
34.4%
J.A.D.Jack and Diane
34.1%
A.O.B.T.D.Another One Bites the Dust
34%
I.M.L.T.Y.I'll Make Love to You
29%
D.Y.T.I.S.Da Ya Think I'm Sexy?
28.9%
Song Initials Song % Correct
M.M.Maria Maria
28%
I.S.H.F.W.I.L.F.I Still Haven't Found What I'm Looking For
27.7%
L.B.Lean Back
27.6%
T.I.H.W.D.I.This Is How We Do It
26.4%
J.T.T.W.Joy to the World
24.9%
N.F.Night Fever
24.4%
P.T.F.M.Play That Funky Music
20.2%
B.Y.L.M.Because You Loved Me
17.6%
L.W.K.U.T.Love Will Keep Us Together
16.7%
K.O.L.Y.Keep On Loving You
15.9%
I.T.Invisible Touch
14.7%
Y.L.U.M.L.You Light Up My Life
14.2%
I.C.S.C.N.I Can See Clearly Now
13.3%
C.H.F.I.L.Can't Help Falling in Love
13%
L.H.I.F.T.B.Let's Hear It for the Boy
11.7%
F.W.A.F.Flashdance... What a Feeling
11.6%
I.M.H.B.L.It Must Have Been Love
11.5%
S.I.T.S.Seasons in the Sun
9.4%
R.W.I.Roll with It
9.3%
S.E.F. (M.I.M.)St. Elmo's Fire (Man in Motion)
9.1%

You're not logged in!

Compare scores with friends on all Sporcle quizzes.
OR
Log In

You Might Also Like...

Show Comments

Extras

Top Quizzes Today


Score Distribution

Your Account Isn't Verified!

In order to create a playlist on Sporcle, you need to verify the email address you used during registration. Go to your Sporcle Settings to finish the process.

Report this User

Report this user for behavior that violates our Community Guidelines.

Details: